000
00231nam a2200097Ia 4500
008
190216s9999||||xx |||||||||||||| ||und||
100
_a
Starling Sg&Amp; Woodwell At
245
0
_a
Physics
260
_b
Longman &green &co
942
_c
BK
999
_c
32645
_d
32645